Introduction to matlab 6 for engineers
Đã lưu trong:
| 主要作者: | |
|---|---|
| 格式: | 圖書 |
| 語言: | Undetermined |
| 出版: |
Boston
McGraw- Hill
2001
|
| 主題: | |
| 標簽: |
添加標簽
沒有標簽, 成為第一個標記此記錄!
|
| Thư viện lưu trữ: | Trung tâm Học liệu Trường Đại học Cần Thơ |
|---|
| LEADER | 00538nam a2200193Ia 4500 | ||
|---|---|---|---|
| 001 | CTU_65552 | ||
| 008 | 210402s9999 xx 000 0 und d | ||
| 020 | |c 666000 | ||
| 082 | |a 620.001 | ||
| 082 | |b P171 | ||
| 100 | |a Palm III, William J. | ||
| 245 | 0 | |a Introduction to matlab 6 for engineers | |
| 245 | 0 | |c William J. Palm III | |
| 260 | |a Boston | ||
| 260 | |b McGraw- Hill | ||
| 260 | |c 2001 | ||
| 650 | |a Engineering mathematics,Numerical analysis | ||
| 904 | |i TUYẾN | ||
| 980 | |a Trung tâm Học liệu Trường Đại học Cần Thơ | ||